000 00823nam a22002777a 4500
001 BR8702258
003 BR-BrBNA
005 20230928092446.0
007 ta
008 230509b bl.||||| |||| 00| 0 por d
040 _aBR-BrBNA
_bpor
_cBiblioteca Nacional de Agricultura
041 _a(Por)
072 _aC10; E40
_b/G514
090 _ C10 BR8702258
100 1 _aPinho, D.B.
100 1 _aPinho, C.M.
110 1 _aAssociacao de Orientacao as Cooperativas, Curitiba, PR (Brasil)
_9544
245 1 _aEducacao cooperativa informal e formal
_bSeparata ASSOCEP, 1
260 3 _aCuritiba, PR (Brasil):
_c1982.
300 _a46 p.
500 _a(*) Documento disponível no(a) OCEPAR, Cascavel, PR (Brazil)
650 _aCOOPERATIVA
650 _aEDUCACAO
909 _a202309
_bLucia
_c55
_dLucia Elande
942 _cBK
999 _c39184
_d39184